000 00760nam a22002177a 4500
005 20180803170413.0
008 170809b2011 ck ||||| |||| 00| 0 spa d
020 _a9789588332550
040 _aCO-BoIAVH
_cCO-BoIAVH
041 _aspa
044 _ack
082 1 4 _a571.316
_bR81p
245 0 0 _aPlanes de manejo para la conservación de 16 especies focales de vertebrados en el Departamento del Valle del Cauca
260 _aCali:
_bCVC;
_bFundación Agua Viva,
_c2011.
300 _a138 p.
_bilustraciones, mapas a color
650 0 _aEspecies focales
650 0 _aPeces
_zValle del Cauca (Colombia)
650 0 _aAves
_zValle del cauca (Colombia)
650 0 _aMamíferos
_zValle del cauca (Colombia)
942 _2ddc
_cLIBRO
999 _c19730
_d19730